Bank i ekomnoje ispol'zovanije material'nych resursov

Saved in:
Bibliographic Details
Format: Book
Language:Russian
Published: Moskva Finansy i statistika 1989
Edition:1. izd.
Tags: Add Tag
No Tags, Be the first to tag this record!

MARC

LEADER 00000nam a2200000 4500
001 c033608
005 20221215135250.7
041 0 |a rus 
044 |a RU 
245 1 0 |a Bank i ekomnoje ispol'zovanije material'nych resursov 
250 |a 1. izd. 
264 1 |a Moskva  |b Finansy i statistika  |c 1989 
300 |a 111 s.